00337 a2200097 4500001000900000005001700009008004100026245007400067100002500141773007300166ART_352720260410161715.0260409a 10aLos sectores populares en las ciudades latinoamericanas del siglo XIX1 aRomero, Luis Alberto0 tDesarrollo económicog- Vol. 27, Nº 106 (jul./sep. 1987)wREV1174